|
|
|
|
| LEADER |
00000nam0a2200000 4500 |
| 001 |
279819 |
| 005 |
20231101235239.0 |
| 035 |
|
|
|a (RuTPU)RU\TPU\book\303124
|
| 090 |
|
|
|a 279819
|
| 100 |
|
|
|a 20141223d1978 k y0rusy50 ca
|
| 101 |
0 |
|
|a rus
|
| 102 |
|
|
|a RU
|
| 105 |
|
|
|a a z 001zy
|
| 200 |
1 |
|
|a Геология и полезные ископаемые Мирового океана
|f Е. А. Величко [и др.]
|
| 210 |
|
|
|a Москва
|c Недра
|d 1978
|
| 215 |
|
|
|a 207 с.
|c ил.
|
| 320 |
|
|
|a Библиография в конце разделов.
|
| 320 |
|
|
|a Предметный указатель: с. 202-204.
|
| 606 |
1 |
|
|a Океанология
|2 stltpush
|3 (RuTPU)RU\TPU\subj\46870
|9 65963
|
| 606 |
1 |
|
|a Полезные ископаемые
|x Геология
|2 stltpush
|3 (RuTPU)RU\TPU\subj\50069
|9 68818
|
| 610 |
1 |
|
|a Мировой Океан
|
| 610 |
1 |
|
|a геологическое строение
|
| 610 |
1 |
|
|a акватории
|
| 610 |
1 |
|
|a нефтегазонакопление
|
| 610 |
1 |
|
|a морские месторождения
|
| 610 |
1 |
|
|a нефть
|
| 610 |
1 |
|
|a газ
|
| 610 |
1 |
|
|a размещение
|
| 610 |
1 |
|
|a Тихоокеанский сегмент
|
| 610 |
1 |
|
|a Индоокеанский сегмент
|
| 610 |
1 |
|
|a Атлантический сегмент
|
| 610 |
1 |
|
|a рудоносность
|
| 610 |
1 |
|
|a железо-марганцевые конкреции
|
| 610 |
1 |
|
|a береговые россыпи
|
| 610 |
1 |
|
|a минеральные ресурсы
|
| 610 |
1 |
|
|a углеводороды
|
| 675 |
|
|
|a 551.46
|v 3
|
| 675 |
|
|
|a 553
|v 3
|
| 701 |
|
1 |
|a Величко
|b Е. А.
|g Евгений Александрович
|
| 701 |
|
1 |
|a Кузнецов
|b Ю. Я.
|g Юрий Яковлевич
|
| 701 |
|
1 |
|a Левин
|b Л. Э.
|g Леонид Элизарович
|
| 701 |
|
1 |
|a Байбулатова
|b З. К.
|
| 701 |
|
1 |
|a Зорина
|b Ю. Г.
|
| 701 |
|
1 |
|a Величко
|b М. Е.
|
| 701 |
|
1 |
|a Вирта
|b А. Н.
|
| 801 |
|
1 |
|a RU
|b 63413507
|c 20141223
|
| 801 |
|
2 |
|a RU
|b 63413507
|c 20150422
|g RCR
|
| 942 |
|
|
|c BK
|